000 00414nam a2200157Ia 4500
008 230711s9999||||xx |||||||||||||| ||und||
041 _aENG
082 _a620
_bRA-H
100 _aRamalingam,K.K
245 0 _aHandbook of Mechanical Engineering terms
250 _a1st . . . Ed.
260 _c2007
_aNew Delhi
_bNew Age International Publishers
300 _a372
650 _aMechanical Engineering
942 _cBK
999 _c4906
_d4906